Music Quiz

Random Music or Song Quiz
Score 0/21 Timer 06:00
23 Plays Today
% Correct
Born and raised in South Detroit
98%
Goin' anywhere
97.6%
Goin' anywhere
97.5%
The smell of wine and cheap perfume
96.6%
Livin' in a lonely world
95.8%
Some will lose
85.7%
Everybody wants a thrill
82.7%
It goes on and on and on and on
80.7%
Up and down the boulevard
78.7%
Just one more time
78.3%
Streetlight people
69.9%
% Correct
Oh, the movie never ends
68.3%
Living just to find emotion
62.4%
Hiding somewhere in the night
62%
Their shadows searching in the night
58.8%
Don't stop believin'
56.7%
Streetlight people
54.5%
Strangers waiting
53.6%
Hold on
53.6%
Don't stop believin'
51.5%
Streetlight people
51.4%
Remove Ads.
Support Sporcle.
Get the best of Sporcle when you Go Orange. This ad-free experience offers more features, more stats, and more fun while also helping to support Sporcle. Thank you for becoming a member.

You're not logged in!

Compare scores with friends on all Sporcle quizzes.
OR
Log In

Show Comments

Extras

Top Quizzes Today


Score Distribution

Your Account Isn't Verified!

In order to create a playlist on Sporcle, you need to verify the email address you used during registration. Go to your Sporcle Settings to finish the process.

Report this User

Report this user for behavior that violates our Community Guidelines.

Details: